00351nam a2200145Ia 4500008004100000020001800041041000800059082001900067100001100086245005300097260002000150300000800170365001600178700001100194230718s9999 xx 000 0 und d a9789351105077 aeng a005.2'752bTAY aTay R. aOpenCL Parallel Programming Development Cookbook c2014bSPD/Packt a286 cRs.b600.00 aTay R.